000 00476cam a2200181ua 4500
003 OSt
008 241101b |||||||| |||| 00| 0 eng d
020 _a0-7069-7622-3
041 _aeng
082 _a621.47
_bMON/NO
100 _aMonga, G.S .
_96397
245 _aNonconventional energy growth, resources and policies /
250 _a1 /
260 _a :
_bVikas publishing house pvt ltd ,
_c1994.
300 _a187 ; .
700 1 _aSanctis, V.J .
_96398
942 _cBK
999 _c2185
_d2185